[Event "Frankfurt Ch 2011"]
[Site "Ffm-Kalbach, LAZ"]
[Date "2011.06.14"]
[Round "7.2"]
[White "Stockmann, Michael"]
[Black "Voropaev, Gleb"]
[Result "1-0"]
[WhiteElo "2255"]
[BlackElo "2326"]
[PlyCount "67"]
[EventDate "2011.??.??"]
[WhiteTeam "Sfr. Schöneck"]
[BlackTeam "SG Turm Idstein"]

1. d4 Nf6 2. c4 g6 3. g3 Bg7 4. Bg2 O-O 5. Nc3 d6 6. Nf3 Nc6 7. O-O e5 8. d5
Nb8 9. e4 Nbd7 10. Qc2 a5 11. a3 Ne8 12. Be3 f5 13. exf5 gxf5 14. Ng5 Nc5 15.
b4 h6 16. Nh7 Kxh7 17. bxc5 Kg8 18. f4 Nf6 19. cxd6 Ng4 20. dxc7 Qxc7 21. Nb5
Nxe3 22. Nxc7 Nxc2 23. Ra2 Ne3 24. Nxa8 Nxf1 25. Kxf1 e4 26. Rd2 Bc3 27. Rd1
Bb2 28. a4 Bd7 29. Nb6 Be8 30. d6 Bh5 31. Rb1 Bc3 32. Nd5 Bd2 33. d7 e3 34.
Nf6+ 1-0

[Event "Frankfurt Ch 2011"]
[Site "Ffm-Kalbach, LAZ"]
[Date "2011.06.14"]
[Round "7.3"]
[White "Kayser, Felix"]
[Black "Schramm, Christian"]
[Result "1/2-1/2"]
[WhiteElo "2190"]
[BlackElo "2340"]
[PlyCount "58"]
[EventDate "2011.??.??"]
[WhiteTeam "BSG Rheinpark"]
[BlackTeam "SC 1959 Obernau"]

1. e4 e6 2. d4 c5 3. c3 Nf6 4. Bg5 cxd4 5. cxd4 Qa5+ 6. Bd2 Qb6 7. Nc3 Qxd4 8.
Nf3 Qb6 9. Rc1 Nc6 10. Be2 a6 11. O-O d6 12. Qc2 Be7 13. Be3 Qc7 14. Na4 Bd7
15. Nb6 Rb8 16. Rfd1 O-O 17. h3 Be8 18. a4 Nd7 19. Nd5 exd5 20. exd5 Nf6 21. b4
Qd7 22. dxc6 Qxc6 23. b5 Qxc2 24. Rxc2 axb5 25. axb5 Bd7 26. Bf4 Rfe8 27. Bxd6
Bxd6 28. Rxd6 Bf5 29. Bd3 Ne4 1/2-1/2

[Event "Frankfurt Ch 2011"]
[Site "Ffm-Kalbach, LAZ"]
[Date "2011.06.14"]
[Round "7.4"]
[White "Gohil, Harry"]
[Black "Henrich, Thomas"]
[Result "0-1"]
[WhiteElo "2302"]
[BlackElo "2224"]
[PlyCount "92"]
[EventDate "2011.??.??"]
[WhiteTeam "TSV Schott Mainz"]
[BlackTeam "SK 1858 Gießen"]

1. d4 Nf6 2. Bg5 e6 3. e4 h6 4. Bxf6 Qxf6 5. Nc3 Bb4 6. Qd3 O-O 7. e5 Qe7 8. a3
Bxc3+ 9. Qxc3 d5 10. f4 b6 11. Nf3 c5 12. Qd2 Nc6 13. c3 Na5 14. Qc2 Bd7 15.
Bd3 Rfc8 16. Qe2 Nb3 17. Rd1 cxd4 18. cxd4 Nc1 19. Qe3 Nxd3+ 20. Qxd3 a6 21.
Kf2 Bb5 22. Qe3 Rc2+ 23. Rd2 Rac8 24. Rhd1 R2c6 25. g4 Ba4 26. Re1 Bc2 27. Rc1
Be4 28. Rxc6 Rxc6 29. Re2 a5 30. Kg3 Qc7 31. Nd2 Bc2 32. Rf2 g6 33. h4 Bd1 34.
Rh2 h5 35. gxh5 Bxh5 36. Nf1 Rc1 37. Rf2 Qc4 38. Kg2 Rd1 39. Nd2 Qc1 40. Kg3
Rg1+ 41. Rg2 Re1 42. Qb3 Kg7 43. Qxb6 Rh1 44. Qd8 Qe1+ 45. Rf2 Rg1+ 46. Kh3
Bg4+ 0-1

[Event "Frankfurt Ch 2011"]
[Site "Ffm-Kalbach, LAZ"]
[Date "2011.06.14"]
[Round "7.5"]
[White "Meyer, Kai-Christian"]
[Black "Milov, Leonid"]
[Result "0-1"]
[WhiteElo "2170"]
[BlackElo "2541"]
[PlyCount "98"]
[EventDate "2011.??.??"]
[WhiteTeam "Sfr. Schöneck"]
[BlackTeam "SC Noris-Tarrasch Nürnberg 1873"]

1. d4 Nf6 2. Bg5 Ne4 3. h4 c5 4. d5 g6 5. Qd3 Nxg5 6. hxg5 Bg7 7. Nd2 Bxb2 8.
Rb1 Bg7 9. e4 d6 10. f4 Na6 11. Ngf3 Kf8 12. a3 Qa5 13. Kf2 Qc3 14. Qxc3 Bxc3
15. Bxa6 bxa6 16. Rb3 Ba5 17. Nc4 Bc7 18. Nfd2 Kg7 19. Rhb1 h6 20. gxh6+ Rxh6
21. R3b2 Rh5 22. Nb3 e6 23. g4 Rh3 24. Ne3 c4 25. Nxc4 exd5 26. exd5 Bxg4 27.
Nd4 Rc3 28. Ne3 Bh5 29. Rb3 Rxb3 30. Rxb3 Bb6 31. Rd3 Re8 32. Nc4 Bc5 33. Kg3
Be2 34. Nxe2 Rxe2 35. Nd2 a5 36. a4 Bb4 37. c3 Bxc3 38. Rxc3 Rxd2 39. Rc7 Rxd5
40. Rxa7 Kf6 41. Kf3 Rc5 42. Ke3 Ke6 43. Kd4 Rf5 44. Ke3 Rh5 45. Kf3 Rc5 46.
Ke3 d5 47. Kf3 f6 48. Kg4 f5+ 49. Kf3 d4 0-1

[Event "Frankfurt Ch 2011"]
[Site "Ffm-Kalbach, LAZ"]
[Date "2011.06.14"]
[Round "7.6"]
[White "Haasler, Andreas"]
[Black "Poetsch, Hagen"]
[Result "1/2-1/2"]
[WhiteElo "2234"]
[BlackElo "2415"]
[PlyCount "106"]
[EventDate "2011.??.??"]
[WhiteTeam "Sfr.Heidesheim"]
[BlackTeam "Sfr. Schöneck"]

1. d4 Nf6 2. Nf3 e6 3. Bg5 c5 4. c3 h6 5. Bxf6 Qxf6 6. e4 b6 7. Nbd2 Bb7 8. Bd3
cxd4 9. cxd4 Bb4 10. a3 Bxd2+ 11. Qxd2 Nc6 12. Qe3 d6 13. O-O O-O 14. e5 dxe5
15. dxe5 Qe7 16. Rac1 Rac8 17. h4 Rfd8 18. h5 Nb8 19. Be4 Na6 20. b4 Bxe4 21.
Qxe4 Qd7 22. Kh2 Rc7 23. Rfd1 Qc8 24. Rxc7 Nxc7 25. Rxd8+ Qxd8 26. Qb7 Nb5 27.
a4 Nd4 28. Qxa7 Nc6 29. Qa6 Nxb4 30. Qc4 Nd5 31. g4 Qf8 32. Kg3 g6 33. hxg6
fxg6 34. Qe4 Kg7 35. Nd4 Qc8 36. f4 Qc3+ 37. Kh2 Qd2+ 38. Kg3 Kf7 39. f5 Qc3+
40. Nf3 gxf5 41. gxf5 Ne7 42. fxe6+ Kxe6 43. Kg4 Qc1 44. Nd4+ Kf7 45. Qh7+ Ke8
46. Qh8+ Kd7 47. e6+ Kc7 48. Qe5+ Kc8 49. Nb5 Qd1+ 50. Kh3 Qf1+ 51. Kh2 Qf2+
52. Kh1 Qf1+ 53. Kh2 Qf2+ 1/2-1/2

[Event "Frankfurt Ch 2011"]
[Site "Ffm-Kalbach, LAZ"]
[Date "2011.06.14"]
[Round "7.7"]
[White "Margolin, Boris"]
[Black "Isserman, Ryhor"]
[Result "1-0"]
[WhiteElo "2440"]
[BlackElo "2307"]
[PlyCount "74"]
[EventDate "2011.??.??"]
[WhiteTeam "SV Oberursel"]
[BlackTeam "SK Bad Homburg 1927"]

1. e4 c5 2. Nf3 g6 3. d4 Bg7 4. dxc5 Qa5+ 5. Nc3 Qxc5 6. Nd5 Qa5+ 7. Bd2 Qd8 8.
Bc3 Bxc3+ 9. Nxc3 Nc6 10. Qd2 d6 11. h3 Nf6 12. Bc4 Qa5 13. O-O-O O-O 14. Bb3
Kg7 15. g4 Qc5 16. Ne1 b5 17. Nd3 Qb6 18. Nf4 b4 19. g5 Nd7 20. Ncd5 Qb7 21.
Ba4 Nde5 22. Ne2 Qa6 23. Bxc6 Nxc6 24. Kb1 Qc4 25. f3 a5 26. Nb6 Qa6 27. Nxa8
Qxa8 28. Nd4 Ne5 29. b3 Bb7 30. Rhe1 Rb8 31. f4 Nd7 32. e5 Nc5 33. exd6 Ne4 34.
Rxe4 Bxe4 35. dxe7 Rc8 36. Re1 Qd5 37. Qe3 Bf5 1-0

[Event "Frankfurt Ch 2011"]
[Site "Ffm-Kalbach, LAZ"]
[Date "2011.06.14"]
[Round "7.8"]
[White "Benninger, Rudolf"]
[Black "Zude, Erik"]
[Result "0-1"]
[WhiteElo "2154"]
[BlackElo "2409"]
[PlyCount "64"]
[EventDate "2011.??.??"]
[WhiteTeam "SC Heusenstamm"]
[BlackTeam "SV 1920 Hofheim"]

1. e4 c5 2. c3 d5 3. exd5 Qxd5 4. d4 g6 5. Be3 cxd4 6. cxd4 Bg7 7. Nc3 Qd8 8.
Nf3 Nh6 9. Be2 O-O 10. O-O Nf5 11. Qd2 b6 12. Rad1 Bb7 13. Rfe1 Nd7 14. Bf4 Rc8
15. Ne5 Nf6 16. Bf3 Bxf3 17. Nxf3 Nd5 18. Be5 Bh6 19. Qd3 Qd7 20. h4 Rfd8 21.
Bh2 Bg7 22. Be5 Bh6 23. Bh2 Bg7 24. Be5 Nxc3 25. bxc3 Bxe5 26. Rxe5 f6 27. Ree1
h5 28. Rc1 b5 29. Qe4 Qd5 30. Qxd5+ Rxd5 31. g3 Rd6 32. Nd2 Rdc6 0-1

[Event "Frankfurt Ch 2011"]
[Site "Ffm-Kalbach, LAZ"]
[Date "2011.06.14"]
[Round "7.9"]
[White "Reschke, Stefan"]
[Black "Klyszcz, Michael"]
[Result "1-0"]
[WhiteElo "2369"]
[BlackElo "2064"]
[PlyCount "61"]
[EventDate "2011.??.??"]
[WhiteTeam "VSG 1880 Offenbach"]
[BlackTeam "SG 1871 Löberitz"]

1. g3 g6 2. Bg2 Bg7 3. c4 c5 4. Nc3 Nc6 5. a3 d6 6. Rb1 Nf6 7. b4 O-O 8. d3
cxb4 9. axb4 Ng4 10. Bd2 Qb6 11. Nh3 e6 12. O-O Bd7 13. c5 dxc5 14. Na4 Qc7 15.
Nxc5 b5 16. e3 Nf6 17. Qb3 Rac8 18. Nf4 e5 19. Ne2 Bf5 20. Rfc1 Qd6 21. Be1 Nd7
22. Ne4 Bxe4 23. Bxe4 Nf6 24. Nc3 a6 25. Nd5 Rfd8 26. Nxf6+ Bxf6 27. Rc2 Rc7
28. Rbc1 Rdc8 29. Qd5 Qxd5 30. Bxd5 Nxb4 31. Bxf7+ 1-0

[Event "Frankfurt Ch 2011"]
[Site "Ffm-Kalbach, LAZ"]
[Date "2011.06.14"]
[Round "7.10"]
[White "Zuyev, Igor"]
[Black "Prenzler, Daniel"]
[Result "1/2-1/2"]
[WhiteElo "2348"]
[BlackElo "2197"]
[PlyCount "75"]
[EventDate "2011.??.??"]
[WhiteTeam "SC Heusenstamm"]
[BlackTeam "SV Griesheim(DA)"]

1. e4 e5 2. Nf3 Nc6 3. d4 exd4 4. Bc4 Nf6 5. e5 Ng4 6. Qe2 Qe7 7. Bf4 f6 8.
exf6 Qxe2+ 9. Bxe2 Nxf6 10. Nbd2 Nd5 11. Bg3 Ndb4 12. O-O-O d3 13. Bxd3 Nxd3+
14. cxd3 d6 15. Rhe1+ Be7 16. Bh4 Rf8 17. Bxe7 Nxe7 18. Kc2 Bg4 19. Re3 Kd7 20.
Rde1 Nd5 21. Re4 Bxf3 22. Nxf3 Rae8 23. Rxe8 Rxe8 24. Rxe8 Kxe8 25. g3 Ke7 26.
a3 c5 27. d4 Nf6 28. dxc5 dxc5 29. Ne5 Ke6 30. f4 Kd5 31. Kd3 b5 32. Ke3 a5 33.
b3 h5 34. Kd3 Ng4 35. Nf3 Nf2+ 36. Ke3 Ng4+ 37. Kd3 Nf2+ 38. Ke3 1/2-1/2

[Event "Frankfurt Ch 2011"]
[Site "CTTC, Bad Soden"]
[Date "2011.06.11"]
[Round "7.11"]
[White "Schaack, Harry"]
[Black "Wornath, Kai"]
[Result "0-1"]
[WhiteElo "2211"]
[BlackElo "2408"]
[PlyCount "74"]
[EventDate "2011.??.??"]
[WhiteTeam "Sfr. Schöneck"]
[BlackTeam "TSV Schott Mainz"]

1. e4 e6 2. d4 d5 3. e5 c5 4. c3 Bd7 5. Nf3 Qb6 6. a3 c4 7. Nbd2 f6 8. Be2 Nc6
9. O-O fxe5 10. dxe5 Nh6 11. b3 cxb3 12. Nxb3 Nf7 13. Bf4 Qc7 14. Bd3 O-O-O 15.
Qe2 Be7 16. c4 dxc4 17. Bxc4 g5 18. Bg3 h5 19. h4 gxh4 20. Nxh4 Rdg8 21. Nf5 h4
22. Nd6+ Nxd6 23. exd6 Bxd6 24. Bxd6 Qxd6 25. Rfd1 Qe7 26. Rac1 Kb8 27. Rxd7
Qxd7 28. Bxe6 Re8 29. Nc5 Qd6 30. Qb5 Rh7 31. Bd5 Rhe7 32. Kf1 Qh2 33. g3 hxg3
34. Nd3 gxf2 35. Nxf2 Re2 36. Qc5 b6 37. Rb1 Re1+ 0-1

[Event "Frankfurt Ch 2011"]
[Site "Ffm-Kalbach, LAZ"]
[Date "2011.06.14"]
[Round "7.12"]
[White "Rosa, Mike"]
[Black "Legde, Georg"]
[Result "0-1"]
[WhiteElo "2114"]
[BlackElo "2326"]
[PlyCount "60"]
[EventDate "2011.??.??"]
[WhiteTeam "SC 1961 König Nied"]
[BlackTeam "SK 1858 Gießen"]

1. d4 Nf6 2. Nf3 b6 3. Bf4 Bb7 4. e3 Nh5 5. Bd3 g6 6. O-O Bg7 7. Re1 d6 8. Nbd2
Nd7 9. Bg5 h6 10. Bh4 g5 11. Bg3 Nxg3 12. hxg3 e6 13. c4 Qe7 14. Qa4 O-O 15.
Qa3 c5 16. Rad1 g4 17. Nh2 h5 18. dxc5 dxc5 19. Be4 Bxe4 20. Nxe4 Ne5 21. Qb3
Rad8 22. f4 gxf3 23. gxf3 f5 24. Nf2 Qg5 25. Kg2 h4 26. Nf1 Qh5 27. e4 fxe4 28.
Rxe4 Rxd1 29. Nxd1 Nxf3 30. Rxe6 Nd4 0-1

[Event "Frankfurt Ch 2011"]
[Site "Ffm-Kalbach, LAZ"]
[Date "2011.06.14"]
[Round "7.13"]
[White "Uwira, Oliver"]
[Black "Kuban, Günther"]
[Result "1-0"]
[WhiteElo "2244"]
[BlackElo "2205"]
[PlyCount "107"]
[EventDate "2011.??.??"]
[WhiteTeam "SC 1961 König Nied"]
[BlackTeam "SV Oberursel"]

1. d4 d5 2. c4 c6 3. Nf3 e6 4. e3 f5 5. Bd3 Nf6 6. O-O Bd6 7. b3 Qe7 8. Bb2
Nbd7 9. cxd5 cxd5 10. Qc1 g5 11. Ba3 g4 12. Nfd2 Ne4 13. Bxd6 Nxd6 14. Nc3 a6
15. Qa3 Rb8 16. Rac1 b5 17. Qb4 Ra8 18. Ne2 a5 19. Qa3 b4 20. Qa4 Ra7 21. Rc5
Qd8 22. Qc6 Ke7 23. Rcc1 Bb7 24. Qc2 Qb8 25. Nf4 Rc8 26. Qb1 Bc6 27. f3 gxf3
28. Nxf3 Rac7 29. Nxe6 Kxe6 30. Bxf5+ Ke7 31. Bxd7 Bxd7 32. Qxh7+ Kd8 33. Qh4+
Ke8 34. Qh8+ Ke7 35. Qg7+ Kd8 36. Qf6+ Ke8 37. Ne5 Bf5 38. Rxc7 Qxc7 39. g4 Qc3
40. Qh8+ Ke7 41. Qg7+ Ke8 42. Qg8+ Ke7 43. Qg5+ Ke8 44. Rxf5 Qa1+ 45. Rf1 Qxf1+
46. Kxf1 Rc1+ 47. Kg2 Rc2+ 48. Kh3 Rf2 49. Qg8+ Ke7 50. Qh7+ Nf7 51. Qh4+ Rf6
52. Ng6+ Ke6 53. Nf8+ Ke7 54. Nh7 1-0

[Event "Frankfurt Ch 2011"]
[Site "Ffm-Kalbach, LAZ"]
[Date "2011.06.14"]
[Round "7.14"]
[White "Drill, Frank"]
[Black "Röschlau, Bernd"]
[Result "1/2-1/2"]
[WhiteElo "2141"]
[BlackElo "2226"]
[PlyCount "26"]
[EventDate "2011.??.??"]
[WhiteTeam "Sfr.Neuberg"]
[BlackTeam "SC Brett vor'm Kopp Ffm"]

1. d4 d5 2. Nc3 c5 3. e4 e5 4. dxe5 d4 5. Nd5 Nc6 6. Nf3 Nge7 7. Bg5 h6 8. Bh4
Be6 9. c4 Bg4 10. Qa4 Bd7 11. Qd1 Bg4 12. Qa4 Bd7 13. Qd1 Bg4 1/2-1/2

[Event "Frankfurt Ch 2011"]
[Site "Ffm-Kalbach, LAZ"]
[Date "2011.06.14"]
[Round "7.15"]
[White "Minor, Samuel"]
[Black "Rutsatz, Mario"]
[Result "1-0"]
[WhiteElo "2175"]
[BlackElo "1900"]
[PlyCount "53"]
[EventDate "2011.??.??"]
[WhiteTeam "Wiesbadener SV 1885"]
[BlackTeam "vereinslos"]

1. e4 c6 2. d4 d5 3. e5 e6 4. Nf3 c5 5. c3 Nc6 6. Bd3 Bd7 7. O-O Qb6 8. Qe2
cxd4 9. Nxd4 Nxd4 10. cxd4 Ne7 11. Nc3 Nc6 12. Be3 Be7 13. a3 O-O 14. Qg4 f5
15. exf6 Bxf6 16. Nxd5 exd5 17. Qxd7 Rad8 18. Qf5 g6 19. Qg4 Nxd4 20. Rfe1 Bg7
21. h4 Rde8 22. h5 Qf6 23. hxg6 h6 24. Rad1 Nf5 25. Bxa7 Nd6 26. Bc5 Ne4 27.
Bxe4 1-0

[Event "Frankfurt Ch 2011"]
[Site "Ffm-Kalbach, LAZ"]
[Date "2011.06.14"]
[Round "7.17"]
[White "Wagner, Dirk"]
[Black "Koch, Markus"]
[Result "0-1"]
[WhiteElo "2038"]
[BlackElo "2111"]
[PlyCount "52"]
[EventDate "2011.??.??"]
[WhiteTeam "Sfr. Frankfurt 1921"]
[BlackTeam "SC Brett vor'm Kopp Ffm"]

1. d4 Nf6 2. c4 e6 3. Nc3 Bb4 4. e3 O-O 5. Nge2 d5 6. a3 Be7 7. Ng3 c5 8. dxc5
dxc4 9. Qxd8 Rxd8 10. Bxc4 Bxc5 11. b4 Be7 12. Bb2 Nbd7 13. Rd1 a6 14. O-O b5
15. Be2 Bb7 16. Rd2 Nb6 17. Rxd8+ Rxd8 18. Rd1 Rc8 19. e4 Kf8 20. e5 Nfd5 21.
Nge4 Nc4 22. Bxc4 Rxc4 23. Nd6 Rxc3 24. Bxc3 Nxc3 25. Rd3 Bxd6 26. exd6 Nd5 0-1

[Event "Frankfurt Ch 2011"]
[Site "Ffm-Kalbach, LAZ"]
[Date "2011.06.14"]
[Round "7.18"]
[White "Geringer, Waldemar"]
[Black "Reschke, Thomas"]
[Result "1/2-1/2"]
[WhiteElo "1956"]
[BlackElo "2198"]
[PlyCount "109"]
[EventDate "2011.??.??"]
[WhiteTeam "SG Rödermark/Eppertshausen"]
[BlackTeam "SC Frankfurt-West"]

1. d4 g6 2. c4 Bg7 3. Nc3 d6 4. e4 a6 5. Be3 c6 6. Qd2 b5 7. f3 Nd7 8. d5 b4 9.
dxc6 bxc3 10. cxd7+ Bxd7 11. bxc3 Qa5 12. Bd4 Nf6 13. Bd3 O-O 14. Ne2 Rfc8 15.
Rb1 Be6 16. Bb6 Qh5 17. Nf4 Bh6 18. Nxh5 Bxd2+ 19. Kxd2 Nxh5 20. Rb4 Nf4 21. g4
Rc6 22. e5 Nxd3 23. Kxd3 Bxc4+ 24. Rxc4 Rxb6 25. exd6 Rxd6+ 26. Kc2 Rad8 27.
Kb3 Rd2 28. a4 Rf2 29. f4 Rb8+ 30. Rb4 Rxb4+ 31. cxb4 Rxf4 32. Rc1 Rf6 33. b5
axb5 34. axb5 Rb6 35. Kb4 f5 36. Rc8+ Kf7 37. Kc5 Rb7 38. Kc6 Ra7 39. b6 Ra6
40. Kb5 Ra2 41. Rc4 Ra8 42. g5 e5 43. b7 Rb8 44. Kb6 Ke6 45. Rc8 Rxb7+ 46. Kxb7
Kd5 47. Rc1 e4 48. Rc7 f4 49. Rxh7 e3 50. Rd7+ Ke4 51. Re7+ Kd3 52. Rd7+ Ke4
53. Re7+ Kd3 54. Rd7+ Ke4 55. Re7+ 1/2-1/2

[Event "Frankfurt Ch 2011"]
[Site "Ffm-Kalbach, LAZ"]
[Date "2011.06.14"]
[Round "7.19"]
[White "Cipca, Adrian"]
[Black "Rüger, Erhard"]
[Result "0-1"]
[WhiteElo "1888"]
[BlackElo "2195"]
[PlyCount "36"]
[EventDate "2011.??.??"]
[WhiteTeam "SK Bad Homburg 1927"]
[BlackTeam "SC Brett vor'm Kopp Ffm"]

1. e4 c5 2. Nf3 e6 3. d4 cxd4 4. Nxd4 a6 5. c4 Nf6 6. Nc3 Bb4 7. Qf3 Qc7 8. Bd2
Bc5 9. Nc2 Nc6 10. g4 Ne5 11. Qg3 Nfxg4 12. Ne3 Nxe3 13. Bxe3 Bxe3 14. fxe3 O-O
15. O-O-O d6 16. Rg1 g6 17. b3 b5 18. cxb5 Qxc3+ 0-1

[Event "Frankfurt Ch 2011"]
[Site "Ffm-Kalbach, LAZ"]
[Date "2011.06.14"]
[Round "7.20"]
[White "Pauly, Markus"]
[Black "Engel, Berthold"]
[Result "1/2-1/2"]
[WhiteElo "1924"]
[BlackElo "2210"]
[PlyCount "115"]
[EventDate "2011.??.??"]
[WhiteTeam "Sfr.Erbach"]
[BlackTeam "SC Brett vor'm Kopp Ffm"]

1. c4 e5 2. g3 Nc6 3. Bg2 g6 4. Nc3 Bg7 5. e4 Nge7 6. Nge2 d6 7. O-O O-O 8. d3
a6 9. Nd5 Rb8 10. Be3 Bg4 11. f3 Be6 12. d4 exd4 13. Nxd4 Ne5 14. b3 c5 15.
Nxe6 fxe6 16. Nxe7+ Qxe7 17. Rc1 Nc6 18. Qd2 Bd4 19. Kh1 Bxe3 20. Qxe3 e5 21.
Rf2 Nd4 22. Rcf1 Rf6 23. f4 Rbf8 24. Bh3 Qg7 25. Bg2 Qh6 26. Kg1 b5 27. cxb5
axb5 28. a4 b4 29. a5 Ra8 30. Ra1 Ra7 31. Bf1 Qf8 32. Bc4+ Kg7 33. a6 h6 34.
Raf1 exf4 35. gxf4 Re7 36. Bd5 Nb5 37. e5 dxe5 38. Qxc5 Nc3 39. Bc4 Ne4 40.
Qxb4 Nxf2 41. Rxf2 Rxf4 42. Rg2 Qd8 43. Qe1 Qd4+ 44. Kh1 e4 45. Qg3 Qf6 46. Ra2
Ra7 47. Qe3 Ra8 48. a7 Qg5 49. Qd4+ Kh7 50. Qd7+ Kh8 51. Qb7 Rff8 52. Qxe4 Rad8
53. Qe2 Qc5 54. b4 Qc6+ 55. Kg1 Qb6+ 56. Kh1 Qxb4 57. Qe5+ Kh7 58. Qc7+ 1/2-1/2

[Event "Frankfurt Ch 2011"]
[Site "Ffm-Kalbach, LAZ"]
[Date "2011.06.14"]
[Round "7.21"]
[White "Biegel, Thomas"]
[Black "Kuhn, Gerhard"]
[Result "1/2-1/2"]
[WhiteElo "2028"]
[BlackElo "2110"]
[PlyCount "34"]
[EventDate "2011.??.??"]
[WhiteTeam "SC Steinbach"]
[BlackTeam "SK Marburg 1931/72"]

1. Nf3 Nf6 2. c4 g6 3. g3 Bg7 4. Bg2 d5 5. d4 O-O 6. O-O dxc4 7. Na3 Nc6 8.
Nxc4 Be6 9. b3 Bd5 10. Bb2 Rb8 11. Rc1 Re8 12. e3 a6 13. Qe2 Nb4 14. Bc3 Nc6
15. Bb2 Nb4 16. Bc3 Nc6 17. Bb2 Nb4 1/2-1/2

[Event "Frankfurt Ch 2011"]
[Site "Ffm-Kalbach, LAZ"]
[Date "2011.06.14"]
[Round "7.22"]
[White "Stock, Jürgen"]
[Black "Holzschuh, Gerald"]
[Result "0-1"]
[WhiteElo "1948"]
[BlackElo "2139"]
[PlyCount "99"]
[EventDate "2011.??.??"]
[WhiteTeam "SC Eschborn 1974"]
[BlackTeam "SC Bad Nauheim"]

1. d4 Nf6 2. c3 b6 3. Bg5 e6 4. Nd2 Bb7 5. e3 Be7 6. Bxf6 Bxf6 7. Qc2 c5 8.
O-O-O Qc7 9. Ngf3 Nc6 10. Ne4 Be7 11. Be2 h6 12. Kb1 a6 13. h4 O-O-O 14. dxc5
bxc5 15. Ka1 Kb8 16. Rb1 Rc8 17. Ned2 d5 18. Rhc1 Rhd8 19. g3 Ka7 20. b4 cxb4
21. cxb4 Bf6+ 22. Rb2 Qb6 23. Qc5 Bxb2+ 24. Kxb2 Nxb4 25. Qxb6+ Kxb6 26. Rxc8
Rxc8 27. a3 Nc6 28. Bd3 a5 29. Nb1 Ba6 30. Bc2 Kc5 31. Nbd2 e5 32. Nb3+ Kd6 33.
Bf5 Rc7 34. Bc2 Bc4 35. Nbd2 Bb5 36. Bb3 f5 37. Bd1 Ne7 38. Nb3 Ba4 39. Nfd2 g5
40. hxg5 hxg5 41. Nf3 g4 42. Ng5 Bxb3 43. Kxb3 Nc6 44. f4 gxf3 45. Nxf3 Rg7 46.
Nh4 Ne7 47. Bc2 Rxg3 48. Bxf5 Rxe3+ 49. Ka4 Kc5 50. Ng2 0-1

[Event "Frankfurt Ch 2011"]
[Site "Ffm-Kalbach, LAZ"]
[Date "2011.06.14"]
[Round "7.23"]
[White "Seickel, Ralf"]
[Black "Czech, Ludwig"]
[Result "0-1"]
[WhiteElo "1898"]
[BlackElo "2137"]
[PlyCount "94"]
[EventDate "2011.??.??"]
[WhiteTeam "vereinslos"]
[BlackTeam "VSG 1880 Offenbach"]

1. d4 e6 2. c4 f5 3. g3 Nf6 4. Bg2 d5 5. Nf3 c6 6. O-O Bd6 7. b3 Qe7 8. Bf4
Nbd7 9. Nc3 O-O 10. Qc2 Ne4 11. Bxd6 Qxd6 12. Rad1 b6 13. Nd2 Ba6 14. Ncxe4
dxe4 15. Nb1 Rad8 16. Nc3 Nf6 17. f3 exf3 18. Bxf3 Bb7 19. Kh1 g6 20. e4 Ng4
21. Qe2 Nh6 22. Qd2 Nf7 23. Rfe1 Ne5 24. Bg2 Nf7 25. e5 Qe7 26. Qe3 Rfe8 27. h4
Kg7 28. d5 cxd5 29. cxd5 exd5 30. e6 d4 31. Rxd4 Bxg2+ 32. Kxg2 Qb7+ 33. Kg1
Rxe6 34. Qxe6 Rxd4 35. Qe3 Qd7 36. Ne2 Rd3 37. Qf4 Qd5 38. Qc7 Re3 39. h5 Qf3
40. h6+ Kxh6 41. Qxf7 Rxe2 42. Qf8+ Kh5 43. Rxe2 Qxe2 44. Qg7 Kg4 45. Qxh7 Qe1+
46. Kg2 Qxg3+ 47. Kf1 Qh3+ 0-1

[Event "Frankfurt Ch 2011"]
[Site "Ffm-Kalbach, LAZ"]
[Date "2011.06.14"]
[Round "7.24"]
[White "Bagatsch, Thomas"]
[Black "Ochmann, Reimund"]
[Result "0-1"]
[WhiteElo "2116"]
[BlackElo "2097"]
[PlyCount "114"]
[EventDate "2011.??.??"]
[WhiteTeam "SC Brett vor'm Kopp Ffm"]
[BlackTeam "SK Langen"]

1. e4 e5 2. Nf3 Nc6 3. Nc3 Nf6 4. d4 exd4 5. Nd5 Be7 6. Nxd4 O-O 7. Bf4 d6 8.
Nb5 Nxd5 9. exd5 Ne5 10. Be2 Bf6 11. c3 Re8 12. O-O Bf5 13. Nd4 Bg6 14. Bg3 Nd7
15. Bb5 a6 16. Ba4 Re7 17. h4 Nc5 18. Bc2 Bxd4 19. cxd4 Bxc2 20. Qxc2 Ne4 21.
Bf4 h6 22. Rac1 Qd7 23. Qb3 b6 24. Rfe1 Rae8 25. Qd3 Nf6 26. Rxe7 Rxe7 27. Qxa6
Qf5 28. Bg3 Nxd5 29. Qa8+ Kh7 30. Kh2 Nf6 31. Qd8 Ng4+ 32. Kg1 Qc2 33. Rf1 Re6
34. Qd7 Rg6 35. Qxf7 Rf6 36. Qd7 h5 37. Qb5 Rf5 38. Qb4 Nf6 39. Qc3 Qxc3 40.
bxc3 Ne4 41. Re1 Nxc3 42. Re7 Nd5 43. Re2 Rf8 44. Rc2 Ra8 45. Kf1 Kg6 46. Ke1
Kf5 47. f3 Ke6 48. Kd2 Kd7 49. Rb2 Ra3 50. Kc2 c6 51. Kb1 b5 52. Rb3 Ra4 53.
Bf2 b4 54. Kb2 Nc3 55. Be1 Rxa2+ 56. Kc1 Ra1+ 57. Kd2 Rd1+ 0-1

[Event "Frankfurt Ch 2011"]
[Site "Ffm-Kalbach, LAZ"]
[Date "2011.06.14"]
[Round "7.25"]
[White "Krzesinski, Paul"]
[Black "Goldt, Rainer"]
[Result "1-0"]
[WhiteElo "1832"]
[BlackElo "1993"]
[PlyCount "103"]
[EventDate "2011.??.??"]
[WhiteTeam "Frankfurter TV 1860"]
[BlackTeam "Kreuznacher SV 1921 e.V."]

1. e4 Nf6 2. Nc3 d5 3. e5 Nfd7 4. e6 fxe6 5. d4 c5 6. Nf3 Nc6 7. Bf4 a6 8. Qd2
cxd4 9. Nxd4 Nxd4 10. Qxd4 Qb6 11. Be3 Qxd4 12. Bxd4 e5 13. Nxd5 exd4 14. Nc7+
Kd8 15. Ne6+ Ke8 16. Nc7+ Kd8 17. Nxa8 b6 18. O-O-O Bb7 19. Nxb6 Nxb6 20. Rxd4+
Kc7 21. h4 e5 22. Rg4 g6 23. h5 Bc8 24. Re4 Bg7 25. hxg6 Bf5 26. Reh4 Bxg6 27.
Bxa6 Bf6 28. R4h3 Ra8 29. Ra3 Be7 30. Rc3+ Kb8 31. Be2 Rxa2 32. Kb1 Ra5 33. Bh5
Be4 34. Bf3 Bg6 35. Rc6 Nd7 36. Rd1 Nf6 37. Re6 Ra7 38. Rxe5 Rc7 39. Rd2 Kc8
40. Rde2 Kd8 41. Re6 Rd7 42. R2e5 Rc7 43. Re2 Rd7 44. b3 Bf5 45. Ra6 Rc7 46.
Kb2 Bc8 47. Ra4 Bf5 48. Rd4+ Kc8 49. Rf4 Bg6 50. Rxe7 Rxe7 51. Rxf6 Rc7 52. Rc6
1-0

[Event "Frankfurt Ch 2011"]
[Site "Ffm-Kalbach, LAZ"]
[Date "2011.06.14"]
[Round "7.26"]
[White "Fußnecker, Manfred"]
[Black "Tierling, Detlef"]
[Result "1-0"]
[WhiteElo "1999"]
[BlackElo "2036"]
[PlyCount "55"]
[EventDate "2011.??.??"]
[WhiteTeam "SC Matt im Park Ffm"]
[BlackTeam "SV Griesheim(DA)"]

1. e4 e6 2. f4 d5 3. e5 c5 4. Nf3 Nc6 5. c3 a5 6. Na3 Bd7 7. d4 cxd4 8. Nxd4
Nxd4 9. Qxd4 Ne7 10. Bd3 Nc6 11. Qf2 Bxa3 12. bxa3 Qc7 13. O-O a4 14. Be3 b5
15. Bc5 Na5 16. Kh1 Nc4 17. Bb4 O-O-O 18. Rfd1 h5 19. Bxc4 dxc4 20. Bd6 Qb7 21.
Rab1 Bc6 22. Qc5 Rd7 23. Rd2 Rhd8 24. Rdb2 Qc7 25. Rd2 Bxg2+ 26. Rxg2 Qxc5 27.
Bxc5 Rd3 28. Bd4 1-0

[Event "Frankfurt Ch 2011"]
[Site "Ffm-Kalbach, LAZ"]
[Date "2011.06.14"]
[Round "7.27"]
[White "Hilbenz, Guntram"]
[Black "Hierling, Stefan"]
[Result "0-1"]
[WhiteElo "1919"]
[BlackElo "2054"]
[PlyCount "68"]
[EventDate "2011.??.??"]
[WhiteTeam "SC Bad Nauheim"]
[BlackTeam "VSG 1880 Offenbach"]

1. Nf3 d5 2. c4 c6 3. b3 Nf6 4. g3 Bg4 5. Bb2 Nbd7 6. Bg2 Qc7 7. d3 e5 8. cxd5
cxd5 9. Nbd2 Bd6 10. O-O O-O 11. h3 Bxf3 12. Bxf3 Nb6 13. e4 dxe4 14. dxe4 Rfd8
15. Rc1 Qd7 16. Bg4 Nxg4 17. Qxg4 Qxg4 18. hxg4 f6 19. Nc4 Nc8 20. Rfd1 Be7 21.
Kf1 Rxd1+ 22. Rxd1 Kf8 23. Ke2 Ke8 24. Ne3 Rb8 25. Nd5 Bd6 26. Rc1 b5 27. Bc3
b4 28. Bxb4 Bxb4 29. Nxb4 Nd6 30. Nc6 Rc8 31. f3 Kd7 32. Nxe5+ fxe5 33. Rxc8
Nxc8 34. Kd3 g5 0-1

[Event "Frankfurt Ch 2011"]
[Site "Ffm-Kalbach, LAZ"]
[Date "2011.06.14"]
[Round "7.28"]
[White "Heidel, Andre Nicolas"]
[Black "Dörr, Tarik"]
[Result "1-0"]
[WhiteElo "2170"]
[BlackElo "1852"]
[PlyCount "49"]
[EventDate "2011.??.??"]
[WhiteTeam "SC 1959 Obernau"]
[BlackTeam "SC Einrich"]

1. d4 f5 2. Nf3 Nf6 3. Bg5 g6 4. Nbd2 Bg7 5. Bxf6 exf6 6. e3 d5 7. c4 c6 8. Qb3
O-O 9. g3 Kh8 10. h4 h5 11. Rc1 Re8 12. cxd5 f4 13. gxf4 Qd6 14. Qc2 Bf5 15.
Bd3 Qxf4 16. Bxf5 gxf5 17. Kd1 Qh6 18. Qxf5 cxd5 19. Rc7 Nc6 20. Rg1 Ne7 21.
Qd3 Rac8 22. Rxc8 Rxc8 23. Nb1 f5 24. Nc3 f4 25. Ng5 1-0